| 000 -CABECERA |
| Longitud fija campo de control |
00513nam a2200181 a 4500 |
| 001 - NÚMERO DE CONTROL |
| Número de control |
4578 |
| 003 - IDENTIFICADOR DEL NÚMERO DE CONTROL |
| Identificador del número de control |
CDMR |
| 005 - FECHA Y HORA DE LA ÚLTIMA TRANSACCIÓN |
| Fecha y hora de la última transacción |
20130923175537.0 |
| 008 - CÓDIGOS DE INFORMACIÓN DE LONGITUD FIJA |
| Códigos de información de longitud fija |
130130s2007||||||||||||||||||||||||||||d |
| 020 ## - NÚMERO INTERNACIONAL NORMALIZADO PARA LIBROS |
| Número Internacional Normalizado para Libros (ISBN) |
9788498500646 |
| 040 ## - FUENTE DE LA CATALOGACIÓN |
| Centro catalogador de origen |
CDMR |
| Lengua de catalogación |
cat |
| Centro transcriptor |
CDMR |
| 245 00 - MENCIÓN DE TÍTULO |
| Título |
Fotoperiodisme a Catalunya |
| Resto del título |
: 1976-2000 |
| 260 ## - PUBLICACIÓN, DISTRIBUCIÓN, ETC. (PIE DE IMPRENTA) |
| Lugar de publicación, distribución, etc. |
Barcelona |
| Fecha de publicación, distribución, etc. |
2007 |
| Nombre del editor, distribuidor, etc. |
Ajuntament de Barcelona |
| 500 ## - NOTA GENERAL |
| Nota general |
Catàleg d'exposició |
| 650 04 - PUNTO DE ACCESO ADICIONAL DE MATERIA - TÉRMINO DE MATERIA |
| 9 (RLIN) |
3679 |
| Término de materia o nombre geográfico como elemento inicial |
Fotoperiodisme |
| Subdivisión de materia general |
Exposicions |
| 650 04 - PUNTO DE ACCESO ADICIONAL DE MATERIA - TÉRMINO DE MATERIA |
| 9 (RLIN) |
3144 |
| Término de materia o nombre geográfico como elemento inicial |
Fotografia |
| Subdivisión de materia general |
Història |
| Subdivisión geográfica |
Catalunya |
| 942 ## - ENTRADA DE ELEMENTOS AGREGADOS (KOHA) |
| Koha [por defecto] tipo de item |
Monografies |
| Fuente de clasificaión o esquema |
|